Somewhere out there-- : (Запис № 550519)

МАРК-запис
000 -LEADER
fixed length control field 01328cam a2200301Ia 4500
001 - CONTROL NUMBER
control field somewhereoutther00eger
003 - CONTROL NUMBER IDENTIFIER
control field CaSfIA
005 - DATE AND TIME OF LATEST TRANSACTION
control field 20210119083251.0
007 - PHYSICAL DESCRIPTION FIXED FIELD--GENERAL INFORMATION
fixed length control field cr||||
008 - FIXED-LENGTH DATA ELEMENTS--GENERAL INFORMATION
fixed length control field 760312s1974 azuab 000 0 eng d
040 ## - CATALOGING SOURCE
Original cataloging agency IRU
Transcribing agency IRU
Modifying agency OCLCQ
-- WIH
-- CaSfIA
035 ## - SYSTEM CONTROL NUMBER
System control number (OCoLC)2046718
043 ## - GEOGRAPHIC AREA CODE
Geographic area code n-us-az
050 #4 - LIBRARY OF CONGRESS CALL NUMBER
Classification number F811
Item number .E44
082 #4 - DEWEY DECIMAL CLASSIFICATION NUMBER
Classification number 910.453
100 1# - MAIN ENTRY--PERSONAL NAME
Personal name Egerton, Kearney.
245 10 - TITLE STATEMENT
Title Somewhere out there-- :
Medium [electronic resource]
Remainder of title Arizona's lost mines & vanished treasures /
Statement of responsibility, etc by Kearney Egerton.
260 ## - PUBLICATION, DISTRIBUTION, ETC. (IMPRINT)
Place of publication, distribution, etc Glendale, Ariz. :
Name of publisher, distributor, etc Prickly Pear Press,
Date of publication, distribution, etc 1974.
300 ## - PHYSICAL DESCRIPTION
Extent 64 p. :
Other physical details ill., maps ;
Dimensions 28 cm.
500 ## - GENERAL NOTE
General note Cover title.
506 ## - RESTRICTIONS ON ACCESS NOTE
Standardized terminology for access restriction Необхідна авторизація на https://archive.org/ (створення облікового запису безкоштовно)
506 ## - RESTRICTIONS ON ACCESS NOTE
Standardized terminology for access restriction Необхідна авторизація на https://openlibrary.org/ (створення облікового запису безкоштовно)
650 #0 - SUBJECT ADDED ENTRY--TOPICAL TERM
Topical term or geographic name as entry element Treasure troves
Geographic subdivision Arizona.
650 #0 - SUBJECT ADDED ENTRY--TOPICAL TERM
Topical term or geographic name as entry element Mines and mineral resources
Geographic subdivision Arizona.
856 41 - ELECTRONIC LOCATION AND ACCESS
Uniform Resource Identifier <a href="http://www.archive.org/details/somewhereoutther00eger">http://www.archive.org/details/somewhereoutther00eger</a>
Public note Free eBook from the Internet Archive
856 42 - ELECTRONIC LOCATION AND ACCESS
Uniform Resource Identifier <a href="http://www.openlibrary.org/books/OL24220108M">http://www.openlibrary.org/books/OL24220108M</a>
Public note Additional information and access via Open Library
942 ## - ADDED ENTRY ELEMENTS (KOHA)
Koha item type ЕКнига

Немає доступних примірників.